000 00390nam a2200145Ia 4500
008 230711s9999||||xx |||||||||||||| ||und||
041 _aENG
082 _a624
_bSM-P
100 _aSmith,Ronald S
245 0 _aPrinciples and practice of flight construction
250 _a4th
260 _c1986
_aNew York
_bPrentice-Hall of India Private Limited
650 _aCivil Engineering
942 _cBK
999 _c1010
_d1010